Philosophy a history survey with essential readings

Saved in:
Bibliographic Details
Main Author: STUMPF, Enoch Samuel
Format: Book
Language:English
Published: McGraw Hill 2020
Tags: Add Tag
No Tags, Be the first to tag this record!

MARC

LEADER 00000nam a22000007a 4500
008 210722b ||||| |||| 00| 0 eng d
020 |a 9781260566338 
100 |a STUMPF, Enoch Samuel 
245 |a Philosophy  |b a history survey with essential readings  |c Samuel Enoch Stumpf and James Fieser  |g XXII, 426P. 
260 |b McGraw Hill  |c 2020  |h []New York  |i 696487  |i 696488  |l B72 ST9  |m Philosophy ... History  |m Philosophy 
942 |a lcc  |c BK  |e ADEYEYE, Y. S.  |f 22 - 07-2021 
952 |0 0  |1 0  |2 lcc  |4 0  |6 B0072 S T9  |7 0  |9 2812  |a HOL  |b HOL  |c AF  |d 2021-07-22  |l 0  |o B72 ST9  |p 2021-66475  |r 2021-07-22 00:00:00  |w 2021-07-22  |y BK 
952 |0 0  |1 0  |2 lcc  |4 0  |6 B0072 S T9  |7 0  |9 2813  |a HOL  |b HOL  |c AF  |d 2021-07-22  |l 0  |o B72 ST9  |p 2021-66476  |r 2021-07-22 00:00:00  |w 2021-07-22  |y BK 
999 |c 1461  |d 1461